000 02229cam a22005294i 4500
003 PE-LiUPU
005 20250731173535.0
008 150616s1994 tnu r 000 0 spa d
020 _a0805411445
035 _a(Sirsi) i9780805411447
040 _aPE-LiUPU
_bspa
_cPE-LiUPU
_erda
049 _aPRUA
082 0 4 _a251
_bM58
_221
100 1 _aMiller, Calvin,
_eautor.
245 1 4 _aThe 7 Keys to unlocking an audience empowered communicator /
_cCalvin Miller.
264 1 _aNashville, Tennessee :
_bBroadman and Holman Publishers,
_c1994.
300 _a218 páginas ;
_c22 centímetros
336 _atext
_2rdacontent
337 _aunmediated
_2rdamedia
338 _avolume
_2rdacarrier
505 0 _aBuilding a speaker -- Listener relationship -- Steppin over the ego barrier.
526 _aSEG42
526 _aSEG41
526 _aSEG40
526 _aSEG39
526 _aP94
526 _aP87
526 _aP86
526 _aP85
526 _aP77
526 _aP76
526 _aP35
650 0 4 _aSermones.
910 _ajck
_bjvq
_cjck
942 _2ddc
_cBOOK
949 _a251 M58
_wDEWEY
_c1
_i45764
_lCCODEBUL1
_mBUL
_r0
_sY
_tBOOK
_u2015-6-16
_xTEOLOGIA
_zUNKNOWN
_0COMPRA
_o.STAFF. Colección Teología
949 _a251 M58
_wDEWEY
_c2
_i42385
_lCCODEBUL1
_mBUL
_r0
_sY
_tBOOK
_u2015-4-23
_xTEOLOGIA
_zUNKNOWN
_0COMPRA
_o.STAFF. Colección Teología
949 _a251 M58
_wDEWEY
_c3
_i43569
_lCCODEBUL1
_mBUL
_r0
_sY
_tBOOK
_u2015-4-23
_xTEOLOGIA
_zUNKNOWN
_0COMPRA
_o.STAFF. Colección Teología
994 _aC0
_bPEPRU
596 _a1
999 _a251 M58
_wDEWEY
_c60221
_i45764
_f2021-11-12
_g5
_lCCODEBUL1
_mBUL
_p20.00
_r0
_sY
_tBOOK
_u2015-6-16
_xTEOLOGIA
_PP35
_0COMPRA
_o.STAFF. Colección Teología
_d60221
999 _a251 M58
_wDEWEY
_c2
_i42385
_f2019-12-10
_g4
_lDISCARD
_mBUL
_p20.00
_r0
_sY
_tBOOK
_u2015-4-23
_xTEOLOGIA
_PP35
_0COMPRA
_o.STAFF. Colección Teología
999 _a251 M58
_wDEWEY
_c3
_i43569
_f2019-12-10
_g4
_lDISCARD
_mBUL
_p12.00
_r0
_sY
_tBOOK
_u2015-4-23
_xTEOLOGIA
_PP35
_0COMPRA
_o.STAFF. Colección Teología
980 _81
_gALBERTO SANCHEZ Responsable de Automatización